Využitie controllingových metód kalkulácii nákladov vo vybranom podniku

Na minha lista:
Detalhes bibliográficos
Autor principal: Poťmáková, Zuzana (Author)
Formato: Manuscrito Livro
Publicado em: Bratislava : STU v Bratislave FCHPT, 2003
Edição:Obháj.: 3.6.2003
Tags: Adicionar Tag
Sem tags, seja o primeiro a adicionar uma tag!

MARC

LEADER 00000ntm a22000003a 4500
001 stu80961
005 20150617225640.2
008 030612s2003----xo----------------------d
040 |a STU  |b slo 
041 0
044 |a xo 
100 1 |a Poťmáková, Zuzana  |4 aut 
245 1 |a Využitie controllingových metód kalkulácii nákladov vo vybranom podniku 
250 |a Obháj.: 3.6.2003 
260 |a Bratislava :  |b STU v Bratislave FCHPT,  |c 2003 
300 |a 73 s. Tab.,grafy ,lit 
500 |a Odbor: Manažment chemických a potravinárskych podnikov 
996 |b 284C030150  |c C*D13893  |l CCI  |s A  |a 24  |w stu80961_0001